000
00263nam a2200109 a 4500
005
20140414131947.0
008
110126s19uu xx 00 eng d
050
_a
TR 793.73
_b
M35 2006
100
_a
Marzollo, Jean
245
_a
I spy a butterfly.
999
_c
112702
_d
112702